Oecology of Plants (Record no. 3829)

MARC details
000 -LEADER
fixed length control field 00370nam a2200145Ia 4500
008 - FIXED-LENGTH DATA ELEMENTS--GENERAL INFORMATION
fixed length control field 211109s9999||||xx |||||||||||||| ||und||
082 ## - DEWEY DECIMAL CLASSIFICATION NUMBER
Classification number 580
Item number WAR-O
100 ## - MAIN ENTRY--PERSONAL NAME
Personal name Warming, Eug
245 #0 - TITLE STATEMENT
Title Oecology of Plants
260 ## - PUBLICATION, DISTRIBUTION, ETC.
Name of publisher, distributor, etc. OXFORD & IBH PUBLISHING CO.
Place of publication, distribution, etc. New Delhi
Date of publication, distribution, etc. 2000
300 ## - PHYSICAL DESCRIPTION
Extent 422p.
630 ## - SUBJECT ADDED ENTRY--UNIFORM TITLE
General subdivision General Stack
650 ## - SUBJECT ADDED ENTRY--TOPICAL TERM
Topical term or geographic name entry element PLANTS
942 ## - ADDED ENTRY ELEMENTS (KOHA)
Koha item type BOOK
650 ## - SUBJECT ADDED ENTRY--TOPICAL TERM
Form subdivision BOTANY
General subdivision Botany
Holdings
Withdrawn status Lost status Damaged status Not for loan Home library Current library Date acquired Cost, normal purchase price Total Checkouts Full call number Barcode Shelving location Date last seen Price effective from Koha item type
        SB LIBRARY SB LIBRARY 09/11/2021 250.00   580 WAR-O 00004205 GENERAL STACK 09/11/2021 09/11/2021 BOOK

Powered by Koha